000 00278nam a2200121 a 4500
008 100914s1973|||| d
245 1 0 _aDobytie bastily I
100 1 _aDumas, Alexandre
020 _c35
260 _bTatran
_aBratislava
_c1973
044 _axo
_cSK
041 _aslo
999 _c10320
_d10320